| 000 | 00682nam a2200181Ia 4500 | ||
|---|---|---|---|
| 008 | 090630s9999 xx 000 0 und d | ||
| 082 | _b15094 | ||
| 100 | _aतावडे सुर्यकांत. | ||
| 245 |
_aसुर्य मालेची सफर. _cतावडे सुर्यकांत. |
||
| 260 | _bनिहारा - पुणेे. | ||
| 300 | _a0 | ||
| 600 | _aतावडे सुर्यकांत. | ||
| 630 | _aसुर्य मालेची सफर. | ||
| 655 | _aबालवाङमय. | ||
| 700 | _aतावडे सुर्यकांत. | ||
| 730 | _aसुर्य मालेची सफर. | ||
| 942 | _cBOOK | ||
| 999 |
_c266950 _d266950 |
||